| 000 | 00781cab a2200241 4500 | ||
|---|---|---|---|
| 001 | ABS42613 | ||
| 008 | 090401t1990 xxu||||| |||| 00| 0 eng d | ||
| 035 | _a(Sirsi) u37859 | ||
| 041 | _aeng | ||
| 100 | _aBishop, P. | ||
| 245 | _aBringing colour into the Black Country | ||
| 260 | _c1990 | ||
| 350 | _a0 | ||
| 490 |
_aNew Civil Engineer _v(890) 5 April 1990, 30-34(4) |
||
| 520 | _aAssesses the progress in its first three years of the Black Country Development Corporation , and its success in sharing private sector profits from schemes, to which the corporation originally gave grants. | ||
| 650 | _aLAND RECLAMATION | ||
| 650 | _aLEISURE PARK | ||
| 650 | _aSANDWELL | ||
| 650 | _aWEST MIDLANDS | ||
| 690 | _aURBAN RENEWAL | ||
| 942 | _n0 | ||
| 948 | _c04/03/1997 | ||
| 999 |
_c24354 _d24354 |
||